|
|
|
|
| LEADER |
00000nab a2200000 a 4500 |
| 001 |
vtls008160793 |
| 003 |
SK-MaSNL |
| 005 |
20260304143540.0 |
| 008 |
250505c2005 xo qr|p|||||||000 b|slo |
| 015 |
|
|
|a SNBRB2005/06
|2 snkbucl
|
| 035 |
|
|
|a (uuid)eda664ce-d9b3-408b-83e3-5508b758dd5b
|
| 035 |
|
|
|a urn:nbn:sk:snk-ab2fef
|
| 035 |
|
|
|a (urnnbn)urn:nbn:sk:snk:ar-a02cnh
|
| 038 |
|
|
|a SNKBUCL
|
| 040 |
|
|
|a SNKBUCL
|b slo
|c SNKBUCL
|e AACR2
|
| 041 |
0 |
|
|a slo
|
| 044 |
|
|
|a xo
|c SK
|
| 080 |
|
|
|a 658.8
|x (048)
|2 1997
|
| 080 |
|
|
|a 339.138
|x (048)
|2 1997
|
| 245 |
0 |
0 |
|a Anton Kretter a kolektív: Marketing
|c Pavol Stehlo
|
| 650 |
0 |
7 |
|a marketing
|2 snkbucl
|9 2299
|
| 655 |
|
7 |
|a recenzie
|2 snkbucl
|9 21907
|
| 773 |
0 |
|
|t Ekonomika poľnohospodárstva = Economics of Agriculture
|g Roč. V., č. 1 (2005), s. 63-64
|x 1335-6186
|
| 787 |
0 |
8 |
|i Rec.:
|a Kretter, Anton
|t Marketing
|d Nitra : Slovenská poľnohospodárska univerzita, 2004
|z 8080693900
|
| 850 |
|
|
|a Slovenská národná knižnica
|
| 852 |
|
|
|a Slovenská národná knižnica
|
| 954 |
|
|
|a odborná, vedecká literatúra pôvodná (slovenská)
|2 lita
|
| 958 |
|
|
|a article27
|
| 958 |
|
|
|a RC
|
| 958 |
|
|
|a OND
|
| 958 |
|
|
|a EUIPO
|
| 999 |
|
|
|c 2926049
|d 2927979
|